History Quiz

Random History or Nation Quiz

Arab Spring Nations Quiz Stats

 Plays Quiz not verified by Sporcle

Score 0/18 Timer 05:00
0 Plays Today
Date Country % Correct
January 2011Egypt
96.9%
December 2010Tunisia
92%
February 2011Libya
91.6%
March 2011Syria
90.9%
February 2011Iraq
90%
February 2011Yemen
89.5%
December 2010Algeria
88.6%
February 2011Morocco
88.6%
January 2011Saudi Arabia
87.6%
Date Country % Correct
January 2011Oman
86.6%
January 2011Jordan
85.9%
January 2011Lebanon
81.8%
February 2011Sudan
81.5%
February 2011Kuwait
77.3%
February 2011Bahrain
76.4%
July 2011Israel
71.1%
January 2011Mauritania
58%
February 2011Djibouti
49.8%

You're not logged in!

Compare scores with friends on all Sporcle quizzes.
OR
Log In

Show Comments

Extras

Top Quizzes Today


Score Distribution

Your Account Isn't Verified!

In order to create a playlist on Sporcle, you need to verify the email address you used during registration. Go to your Sporcle Settings to finish the process.

Report this User

Report this user for behavior that violates our Community Guidelines.

Details: